[Event "OLNW 2223 Delmenhorster SK - SV Lingen"]
[Site "?"]
[Date "2022.10.23"]
[Round "1.4"]
[White "Margraf, Daniel"]
[Black "Kandic, Milan"]
[Result "1-0"]
[WhiteElo "2260"]
[BlackElo "2031"]
[PlyCount "145"]
[EventDate "2022.??.??"]

1. e4 d6 2. d4 Nf6 3. Nc3 e5 4. Nf3 Nbd7 5. g3 Be7 6. Bg2 O-O 7. O-O c6 8. a4 a5 9. h3 Qc7 10. Be3 Re8 11. Re1 Bf8 12. Kh2 g6 13. Qd2 Bg7 14. Rad1 Nf8 15. dxe5 dxe5 16. Bc5 N6d7 17. Bd6 Qb6 18. b3 Ne6 19. Nb1 Nec5 20. Na3 Qb4 21. Qxb4 axb4 22. Nc4 Na6 23. Rd2 f6 24. Bf1 Bh6 25. Rdd1 Bg7 26. Nfd2 Bh6 27. h4 Bg7 28. f3 Bh6 29. Bh3 Kf7 30. Nf1 Nf8 31. Bxc8 Raxc8 32. Bxf8 Bxf8 33. Rd7+ Kg8 34. Rxb7 Red8 35. Nfe3 Nc5 36. Ra7 Ne6 37. Kg2 Bc5 38. Rb7 h5 39. Re2 Rd4 40. Nb6 Nd8 41. Nxc8 Nxb7 42. Nc4 Rd8 43. N8b6 Rd1 44. Kh2 Kf7 45. a5 Nxa5 46. Nxa5 Bxb6 47. Nxc6 Bc5 48. f4 Ke6 49. fxe5 fxe5 50. Na5 Bb6 51. Nc4 Bd4 52. Nd2 Kd6 53. Nf3 Kc5 54. Rd2 Rc1 55. Nxd4 exd4 56. Kg2 Re1 57. Kf3 Rf1+ 58. Rf2 Rg1 59. Kf4 Kd6 60. Rd2 Kc5 61. Re2 Kd6 62. Rd2 Kc5 63. Ke5 Rxg3 64. Rxd4 g5 65. Rc4+ Kb5 66. hxg5 Rxg5+ 67. Kf6 Rg2 68. e5 Rf2+ 69. Ke7 h4 70. Rxh4 Rxc2 71. e6 Rc3 72. Kf6 Rf3+ 73. Ke5 1-0

[Event "OLNW 2223 Delmenhorster SK - SV Lingen"]
[Site "?"]
[Date "2022.10.23"]
[Round "1.5"]
[White "Adrovic, Admir"]
[Black "Thimm, Torsten"]
[Result "1-0"]
[WhiteElo "1907"]
[BlackElo "2033"]
[PlyCount "53"]
[EventDate "2022.??.??"]

1. d4 d5 2. c4 c6 3. cxd5 Qxd5 4. Nc3 Qa5 5. e4 Nf6 6. Bd3 e6 7. Nf3 Nbd7 8. Bd2 Qd8 9. Rc1 Be7 10. Qc2 h6 11. g4 e5 12. dxe5 Nxg4 13. e6 Nde5 14. exf7+ Kf8 15. Nxe5 Nxe5 16. Be2 Be6 17. Nd1 Nxf7 18. Ne3 Bh4 19. Qc5+ Kg8 20. Bc3 Qf8 21. Qh5 Bg5 22. Rg1 Nd6 23. Bd3 Rh7 24. e5 Nf5 25. Qg6 Bxe3 26. Qxe6+ Kh8 27. fxe3 1-0

[Event "OLNW 2223 Delmenhorster SK - SV Lingen"]
[Site "?"]
[Date "2022.10.23"]
[Round "1.6"]
[White "Grebener, Soeren"]
[Black "Stankovic, Dimitrije"]
[Result "0-1"]
[WhiteElo "2004"]
[BlackElo "2092"]
[PlyCount "102"]
[EventDate "2022.??.??"]

1. e4 e5 2. Nf3 Nc6 3. Bb5 a6 4. Ba4 Nf6 5. d3 b5 6. Bb3 Bc5 7. O-O d6 8. c3 h6 9. h3 O-O 10. Re1 Re8 11. Nbd2 Bb6 12. Nf1 d5 13. exd5 Nxd5 14. d4 e4 15. N3h2 Na5 16. Bc2 Nf6 17. Ng3 Qd5 18. Nhf1 Nc4 19. Bb3 Qc6 20. Ne3 Nxe3 21. Bxe3 Be6 22. Bc2 Rad8 23. Bf4 Bd5 24. Nf1 Qe6 25. Qb1 Nh5 26. Be5 f6 27. Bh2 f5 28. Ne3 c6 29. Nxd5 cxd5 30. Qd1 Qg6 31. Qe2 Qg5 32. Bd1 Nf4 33. Bxf4 Qxf4 34. g3 Qd6 35. a4 f4 36. Qg4 Rf8 37. axb5 axb5 38. Ra6 Rf6 39. Qh4 Rdf8 40. g4 g5 41. Qh5 f3 42. Bb3 Kg7 43. h4 Qg3+ 44. fxg3 f2+ 45. Kf1 fxe1=Q+ 46. Kxe1 Rf1+ 47. Ke2 R8f2+ 48. Ke3 Rh2 49. Qf7+ Rxf7 50. Bxd5 Rf6 51. Ra8 gxh4 0-1

[Event "OLNW 2223 Delmenhorster SK - SV Lingen"]
[Site "?"]
[Date "2022.10.23"]
[Round "1.7"]
[White "Moeller, Hannah"]
[Black "Meyer, Thorsten"]
[Result "0-1"]
[WhiteElo "1758"]
[BlackElo "1989"]
[PlyCount "106"]
[EventDate "2022.??.??"]

1. Nf3 g6 2. g3 Bg7 3. d4 d6 4. Bg2 Nf6 5. c4 O-O 6. O-O c6 7. Nc3 Qc7 8. Bd2 Nbd7 9. Qc1 Re8 10. Rb1 e5 11. dxe5 dxe5 12. b4 Nf8 13. e4 Be6 14. c5 Rad8 15. Re1 Rd3 16. Qc2 Red8 17. Rbd1 Bg4 18. Re3 R3d7 19. h3 Be6 20. Ree1 h6 21. Be3 Ne8 22. Rxd7 Rxd7 23. Rd1 Qd8 24. Rxd7 Qxd7 25. Qd2 Bxh3 26. Bxh6 Qxd2 27. Bxd2 Bxg2 28. Kxg2 Ne6 29. Ne2 f6 30. Ne1 Kf7 31. Nd3 N8c7 32. a4 a5 33. b5 cxb5 34. axb5 Nxb5 35. Bxa5 Bf8 36. Bb4 Nbc7 37. f4 Na6 38. fxe5 Nxb4 39. Nxb4 fxe5 40. Nd3 Kf6 41. Kf3 Nxc5 42. Nf2 Nb3 43. Ng4+ Ke6 44. Ke3 Bc5+ 45. Kd3 Ba7 46. Nc3 Bd4 47. Nb5 Nc5+ 48. Ke2 Nxe4 49. Kf3 Ng5+ 50. Ke2 Nf7 51. Kd3 Kf5 52. Nh2 Bf2 53. g4+ Kf4 0-1

[Event "OLNW 2223 Post SV Uelzen - SK Union Old"]
[Site "?"]
[Date "2022.10.23"]
[Round "1.1"]
[White "Wittje, Berthold"]
[Black "Laubsch, Bernd"]
[Result "0-1"]
[WhiteElo "2247"]
[BlackElo "2266"]
[PlyCount "94"]
[EventDate "2022.??.??"]
[WhiteTeam "Oldenburg"]
[BlackTeam "Uelzen"]

1. Nf3 d5 2. g3 Nc6 3. d4 Bf5 4. Bg2 Nb4 5. Na3 e6 6. O-O Be7 7. c3 Nc6 8. Qa4 Nf6 9. Ne5 O-O 10. Nxc6 bxc6 11. Qxc6 Rb8 12. Qa4 h5 13. Nc2 h4 14. Nb4 Bd6 15. Bg5 h3 16. Bh1 a5 17. Qxa5 Qd7 18. Bxf6 Ra8 19. Qxa8 Rxa8 20. Bg5 Bxb4 21. cxb4 Qb5 22. Bd2 Qxe2 23. Bc3 c6 24. a4 Qc2 25. a5 Be4 26. Rfc1 Qe2 27. Re1 Qg4 28. Re3 Bxh1 29. Kxh1 f6 30. Rae1 Kf7 31. Kg1 Re8 32. f3 Qf5 33. Kf2 g5 34. Kg1 Qc2 35. R3e2 Qd3 36. Re3 Qc4 37. Rd1 e5 38. Kf2 e4 39. g4 exf3 40. Rde1 Re4 41. Kxf3 Rxe3+ 42. Kxe3 f5 43. gxf5 Kf6 44. Kf3 Qd3+ 45. Kg4 Qxf5+ 46. Kg3 Qf4+ 47. Kxh3 Qf3# 0-1

[Event "OLNW 2223 Post SV Uelzen - SK Union Old"]
[Site "?"]
[Date "2022.10.23"]
[Round "1.3"]
[White "Bredemeier, Dirk"]
[Black "Wiegmann, Sascha"]
[Result "0-1"]
[WhiteElo "2242"]
[BlackElo "2280"]
[PlyCount "126"]
[EventDate "2022.??.??"]
[WhiteTeam "Oldenburg"]
[BlackTeam "Uelzen"]

1. c4 e6 2. g3 d5 3. Bg2 Nf6 4. Nf3 Nbd7 5. Qc2 Be7 6. O-O O-O 7. d4 a6 8. b3 dxc4 9. bxc4 c5 10. Rd1 cxd4 11. Nxd4 Qc7 12. Nd2 Rd8 13. N2b3 Rb8 14. Rb1 Nc5 15. Nxc5 Bxc5 16. Nb3 Rxd1+ 17. Qxd1 Be7 18. Qc2 e5 19. Qc3 Bf5 20. Ra1 Be4 21. Bb2 Bxg2 22. Kxg2 Rc8 23. Rc1 Qc6+ 24. Kg1 e4 25. Qe5 Bf8 26. Qf5 Nd7 27. Nd4 Qa4 28. a3 Re8 29. Qd5 Nc5 30. Qg5 h6 31. Qd5 Qd7 32. Qxd7 Nxd7 33. Nb3 Rc8 34. c5 Nxc5 35. Na5 b6 36. Nc4 Na4 37. Ne3 Rc5 38. Rxc5 Bxc5 39. Bc1 Nc3 40. Kf1 Nb1 41. Nc2 f5 42. Ke1 b5 43. Bb2 a5 44. Kd1 b4 45. axb4 axb4 46. Kc1 Na3 47. Bd4 Bf8 48. Ne3 g6 49. Kb2 Nb5 50. Be5 Bg7 51. Bxg7 Kxg7 52. Nd5 Nd4 53. Nxb4 Nxe2 54. Kc2 Ng1 55. Kd1 g5 56. Nc2 Kg6 57. Ne3 Nf3 58. Nf1 f4 59. Nd2 Nxd2 60. Kxd2 Kf5 61. h3 Ke5 62. Ke2 fxg3 63. fxg3 Kd4 0-1

[Event "OLNW 2223 Post SV Uelzen - SK Union Old"]
[Site "?"]
[Date "2022.10.23"]
[Round "1.4"]
[White "von Estorff, Jacob"]
[Black "Meessen, Max"]
[Result "0-1"]
[WhiteElo "2164"]
[BlackElo "2186"]
[PlyCount "50"]
[EventDate "2022.??.??"]
[WhiteTeam "Uelzen"]
[BlackTeam "Oldenburg"]

1. e4 c5 2. Nf3 d6 3. Nc3 Nf6 4. d4 cxd4 5. Nxd4 Nc6 6. f4 g6 7. Nf3 Bg7 8. Bd3 O-O 9. O-O Bd7 10. Qe1 Rc8 11. Qh4 Qa5 12. f5 Ne5 13. Bh6 Nxf3+ 14. gxf3 Bxh6 15. Qxh6 gxf5 16. exf5 Kh8 17. Rae1 Bxf5 18. Bxf5 Qxf5 19. Rxe7 Rg8+ 20. Kh1 Rg6 21. Qd2 Rcg8 22. Qf2 Qh3 23. Re2 Nh5 24. Ne4 d5 25. f4 dxe4 0-1

[Event "OLNW 2223 Post SV Uelzen - SK Union Old"]
[Site "?"]
[Date "2022.10.23"]
[Round "1.5"]
[White "Wagner, Jan"]
[Black "Bargsten, Justus"]
[Result "0-1"]
[WhiteElo "2167"]
[BlackElo "2152"]
[PlyCount "54"]
[EventDate "2022.??.??"]
[WhiteTeam "Oldenburg"]
[BlackTeam "Uelzen"]

1. Nf3 d5 2. g3 Nc6 3. d4 Bf5 4. Bg2 Nb4 5. Na3 e6 6. c3 Nc6 7. Nc2 Be7 8. b3 h5 9. h4 Qd7 10. Ne3 Be4 11. b4 a6 12. a3 Nf6 13. O-O O-O 14. Bh3 Rad8 15. a4 b6 16. Re1 Bd6 17. Ng5 Bg6 18. Kg2 Qe7 19. f3 Rfe8 20. Qb3 Qf8 21. Bd2 e5 22. Nxd5 exd4 23. Nf4 Bxf4 24. Bxf4 Nd5 25. cxd4 Nxd4 26. Qc4 Nc2 27. Bxc7 Nde3+ 0-1

[Event "OLNW 2223 Post SV Uelzen - SK Union Old"]
[Site "?"]
[Date "2022.10.23"]
[Round "1.6"]
[White "Bogomolow, Sergej"]
[Black "Schuette, Marc"]
[Result "1/2-1/2"]
[WhiteElo "2173"]
[BlackElo "2126"]
[PlyCount "37"]
[EventDate "2022.??.??"]
[WhiteTeam "Uelzen"]
[BlackTeam "Oldenburg"]

1. e4 d6 2. Nc3 c6 3. f4 Nf6 4. Nf3 Bg4 5. h3 Bxf3 6. Qxf3 e6 7. Be2 Qb6 8. b3 Nbd7 9. Bb2 Be7 10. O-O-O O-O-O 11. d4 d5 12. e5 Ng8 13. g4 Rf8 14. f5 Qd8 15. Kb1 Bg5 16. Ba3 Be7 17. Bb2 Bg5 18. Ba3 Be7 19. Bb2 1/2-1/2

[Event "OLNW 2223 Post SV Uelzen - SK Union Old"]
[Site "?"]
[Date "2022.10.23"]
[Round "1.7"]
[White "Eschholz, Enno"]
[Black "Askerov, Imamali"]
[Result "1-0"]
[WhiteElo "2193"]
[BlackElo "1947"]
[PlyCount "61"]
[EventDate "2022.??.??"]
[WhiteTeam "Oldenburg"]
[BlackTeam "Uelzen"]

1. e4 c5 2. Nc3 Nc6 3. g3 g6 4. d3 Bg7 5. Be3 d6 6. Bg2 Nd4 7. Qd2 e6 8. Nd1 Ne7 9. c3 Ndc6 10. Bh6 O-O 11. h4 Kh8 12. Bxg7+ Kxg7 13. h5 Ng8 14. Nf3 h6 15. hxg6 fxg6 16. Ne3 e5 17. d4 cxd4 18. cxd4 Rxf3 19. Bxf3 Nxd4 20. Bd1 Qf6 21. Rc1 Be6 22. Rc7+ Kh8 23. Ng4 Bxg4 24. Rxh6+ Nxh6 25. Qxh6+ Kg8 26. Bxg4 Re8 27. Rxb7 Nc2+ 28. Kf1 a5 29. Be6+ Rxe6 30. Rb8+ Kf7 31. Qf8# 1-0

[Event "OLNW 2223 Post SV Uelzen - SK Union Old"]
[Site "?"]
[Date "2022.10.23"]
[Round "1.8"]
[White "Mittelstaedt, Hendrik"]
[Black "Heinemann, Ernst"]
[Result "0-1"]
[WhiteElo "2040"]
[BlackElo "2134"]
[PlyCount "102"]
[EventDate "2022.??.??"]
[WhiteTeam "Uelzen"]
[BlackTeam "Oldenburg"]

1. d4 Nf6 2. Nf3 c5 3. d5 b5 4. g4 Bb7 5. c4 e6 6. g5 Ne4 7. dxe6 fxe6 8. Qb3 Qa5+ 9. Bd2 Nxd2 10. Nbxd2 b4 11. e4 Nc6 12. Bg2 Nd4 13. Qd3 Nxf3+ 14. Bxf3 Be7 15. h4 Qc7 16. O-O-O O-O-O 17. Qe3 Rhf8 18. Bg4 Qf4 19. Qxf4 Rxf4 20. f3 Ba6 21. Kc2 Kc7 22. Ra1 d5 23. exd5 exd5 24. Rhe1 Bf8 25. cxd5 Rxd5 26. Rad1 Bd3+ 27. Kc1 c4 28. b3 cxb3 29. axb3 Rc5+ 30. Nc4 Bxc4 31. bxc4 Rfxc4+ 32. Kb1 Bd6 33. Re8 Be5 34. Rd7+ Kc6 35. Rc8+ Kb6 36. Rxc5 Rxc5 37. Bf5 h6 38. gxh6 gxh6 39. Be4 Ra5 40. Kc2 Ra3 41. Bd5 Rc3+ 42. Kd2 a5 43. Rf7 a4 44. f4 Bd6 45. f5 Kc5 46. Be4 a3 47. Ra7 Kd4 48. Bc2 Rh3 49. f6 Rh2+ 50. Kd1 Kc3 51. Bf5 a2 0-1

[Event "OLNW 2223 HSK Lister Turm II - SK Union"]
[Site "?"]
[Date "2022.11.27"]
[Round "2.1"]
[White "Wittje, Berthold"]
[Black "von Mettenheim, Johannes"]
[Result "0-1"]
[WhiteElo "2238"]
[BlackElo "2163"]
[PlyCount "120"]
[EventDate "2022.??.??"]

1. Nf3 Nf6 2. c4 c5 3. g3 b6 4. Bg2 Bb7 5. O-O e6 6. Nc3 Be7 7. Re1 Ne4 8. Nxe4 Bxe4 9. d3 Bb7 10. e4 d6 11. d4 cxd4 12. Nxd4 O-O 13. Be3 Nd7 14. f4 a6 15. Rc1 Re8 16. Bf2 Bf8 17. b3 Qc7 18. Qd2 Rac8 19. Rcd1 Qb8 20. Ne2 Bc6 21. e5 Bxg2 22. Kxg2 Red8 23. exd6 Nf6 24. Qe3 Rc6 25. Qf3 Rcxd6 26. Nc3 h5 27. Rxd6 Rxd6 28. Rd1 Rxd1 29. Qxd1 Bb4 30. Qf3 Qd8 31. Ne4 Nxe4 32. Qxe4 Qd2 33. Qd4 Qxa2 34. Qxb6 Be1 35. b4 Bxf2 36. Qxf2 Qxc4 37. Qb6 Qd3 38. Kf2 Kh7 39. Qc5 Qd2+ 40. Kg1 Qe1+ 41. Kg2 Qe2+ 42. Kg1 h4 43. Qe7 f6 44. gxh4 Qg4+ 45. Kf2 Qxf4+ 46. Kg2 Qe4+ 47. Kg1 e5 48. Qe6 Qxb4 49. Qxa6 Qxh4 50. Qe6 Qd4+ 51. Kg2 Qd2+ 52. Kg1 Qe1+ 53. Kg2 Qe2+ 54. Kg3 Qe3+ 55. Kg2 Qe4+ 56. Kf2 f5 57. h3 Qf4+ 58. Kg2 e4 59. Qf7 Qf3+ 60. Kh2 e3 0-1

[Event "OLNW 2223 HSK Lister Turm II - SK Union"]
[Site "?"]
[Date "2022.11.27"]
[Round "2.2"]
[White "Voege, Tobias"]
[Black "Mueer, Sebastian"]
[Result "0-1"]
[WhiteElo "2314"]
[BlackElo "2171"]
[PlyCount "54"]
[EventDate "2022.??.??"]

1. d4 Nf6 2. Nc3 d5 3. Bf4 a6 4. f3 c5 5. e3 cxd4 6. exd4 Nc6 7. Qd2 e6 8. g4 Bd6 9. h4 O-O 10. O-O-O b5 11. h5 Qc7 12. Bxd6 Qxd6 13. Kb1 Nd7 14. Nge2 Nb6 15. Nc1 b4 16. N3e2 f5 17. Nd3 fxg4 18. fxg4 Nc4 19. Qg5 h6 20. Qc1 Qe7 21. g5 Qxg5 22. Ndf4 Qf6 23. Rg1 Ne7 24. Ng6 Nxg6 25. Rxg6 Qxf1 26. Re1 Qxe1 27. Qxe1 Rf1 0-1

[Event "OLNW 2223 HSK Lister Turm II - SK Union"]
[Site "?"]
[Date "2022.11.27"]
[Round "2.3"]
[White "Bredemeier, Dirk"]
[Black "Polster, Christian"]
[Result "1/2-1/2"]
[WhiteElo "2233"]
[BlackElo "2235"]
[PlyCount "65"]
[EventDate "2022.??.??"]

1. c4 c5 2. g3 g6 3. Bg2 Bg7 4. Nc3 Nc6 5. a3 e6 6. e4 Nge7 7. Nge2 O-O 8. O-O b6 9. Rb1 Bb7 10. d3 Nd4 11. b4 d6 12. Be3 Qd7 13. Qd2 Rad8 14. Bh6 Nxe2+ 15. Nxe2 Bxh6 16. Qxh6 cxb4 17. axb4 d5 18. exd5 exd5 19. Qf4 dxc4 20. dxc4 Bxg2 21. Kxg2 Qd3 22. Rfe1 Nc6 23. Rbd1 Qb3 24. Rb1 Qa3 25. Qc1 Qd3 26. Nf4 Qd4 27. Qc2 a5 28. Re4 Qd2 29. Qxd2 Rxd2 30. Nd5 Nxb4 31. Nxb4 axb4 32. Rxb4 Rd6 33. h4 1/2-1/2

[Event "OLNW 2223 HSK Lister Turm II - SK Union"]
[Site "?"]
[Date "2022.11.27"]
[Round "2.4"]
[White "Virag, Attila Aba"]
[Black "Meessen, Max"]
[Result "1-0"]
[WhiteElo "2268"]
[BlackElo "2195"]
[PlyCount "81"]
[EventDate "2022.??.??"]

1. e4 c5 2. Nf3 d6 3. d4 cxd4 4. Qxd4 Nc6 5. Bb5 Bd7 6. Bxc6 Bxc6 7. c4 f5 8. Nc3 Qd7 9. O-O e5 10. Qd3 fxe4 11. Nxe4 Bxe4 12. Qxe4 Nf6 13. Qe2 Be7 14. Bg5 O-O 15. Rad1 Qg4 16. h3 Qh5 17. Bxf6 Rxf6 18. Qe4 Rb8 19. Rd3 Rf4 20. Qd5+ Qf7 21. Nd2 b5 22. b3 Qxd5 23. Rxd5 a6 24. Re1 Rc8 25. g3 Rf7 26. Ne4 bxc4 27. Rc1 c3 28. Rxc3 Rxc3 29. Nxc3 Bf8 30. Ra5 Rc7 31. Nd5 Rc5 32. Rxc5 dxc5 33. Kg2 Kf7 34. Nc7 a5 35. Kf3 Bd6 36. Nb5 Ke6 37. Ke4 a4 38. bxa4 c4 39. a5 Bc5 40. a6 Bxf2 41. a7 1-0

[Event "OLNW 2223 HSK Lister Turm II - SK Union"]
[Site "?"]
[Date "2022.11.27"]
[Round "2.5"]
[White "Wagner, Jan"]
[Black "Bleecke, Sebastian"]
[Result "1/2-1/2"]
[WhiteElo "2157"]
[BlackElo "2150"]
[PlyCount "60"]
[EventDate "2022.??.??"]

1. Nf3 Nf6 2. b3 g6 3. Bb2 Bg7 4. g3 O-O 5. Bg2 d5 6. c4 dxc4 7. bxc4 c5 8. O-O Nc6 9. Ne5 Bd7 10. Nxc6 Bxc6 11. Bxc6 Qb6 12. Bb5 a6 13. a4 axb5 14. axb5 Rxa1 15. Bxa1 Qe6 16. d3 Ra8 17. Nd2 Ra2 18. Re1 Bh6 19. e3 Ng4 20. Ne4 f5 21. Nxc5 Qc8 22. Qb3 Rxf2 23. Nxb7 Qxb7 24. c5+ Kf8 25. c6 Qc7 26. Qc3 Rxh2 27. Qh8+ Kf7 28. Qxh7+ Kf8 29. Qh8+ Kf7 30. Qh7+ Kf8 1/2-1/2

[Event "OLNW 2223 HSK Lister Turm II - SK Union"]
[Site "?"]
[Date "2022.11.27"]
[Round "2.6"]
[White "Hoerstmann, Rudi"]
[Black "Schuette, Marc"]
[Result "1/2-1/2"]
[WhiteElo "2222"]
[BlackElo "2127"]
[PlyCount "107"]
[EventDate "2022.??.??"]

1. d4 d5 2. c4 c6 3. Nf3 Nf6 4. Qc2 dxc4 5. Qxc4 Bf5 6. g3 e6 7. Bg2 Be7 8. O-O Ne4 9. Nc3 Nd7 10. Qb3 Qb6 11. Nh4 Nd6 12. Nxf5 Nxf5 13. Rd1 Qxb3 14. axb3 a6 15. e3 Nd6 16. Bd2 h5 17. h4 Bf6 18. Na4 Nb5 19. Bb4 Be7 20. Bxe7 Kxe7 21. Rac1 Rag8 22. Bf3 g5 23. hxg5 Rxg5 24. Kf1 h4 25. gxh4 Rxh4 26. Ke2 e5 27. dxe5 Rxe5 28. Rc4 Rxc4 29. bxc4 Nd6 30. b3 b5 31. cxb5 axb5 32. Nb2 Rc5 33. Nd3 Rc2+ 34. Rd2 Rxd2+ 35. Kxd2 c5 36. Bc6 Nb8 37. Bd5 Nd7 38. Bc6 Nb8 39. Ba8 Na6 40. Bd5 f6 41. e4 c4 42. bxc4 bxc4 43. Nf4 Nb4 44. Kc3 Nxd5+ 45. Nxd5+ Ke6 46. Kd4 f5 47. Nf4+ Kf7 48. e5 Ne4 49. f3 Nd2 50. Ke3 c3 51. Ne2 f4+ 52. Nxf4 Nc4+ 53. Kd4 Nd2 54. Kxc3 1/2-1/2

[Event "OLNW 2223 HSK Lister Turm II - SK Union"]
[Site "?"]
[Date "2022.11.27"]
[Round "2.7"]
[White "Eschholz, Enno"]
[Black "Hoerstmann, Martin"]
[Result "1/2-1/2"]
[WhiteElo "2197"]
[BlackElo "2210"]
[PlyCount "87"]
[EventDate "2022.??.??"]

1. e4 c5 2. Nc3 Nc6 3. g3 g6 4. d3 Bg7 5. Be3 d6 6. Bg2 e5 7. Qd2 Nge7 8. Bh6 Bxh6 9. Qxh6 Nd4 10. Qd2 Be6 11. Nd1 O-O 12. c3 Ndc6 13. Nf3 Qb6 14. Ne3 f6 15. O-O Rad8 16. Qc2 d5 17. exd5 Nxd5 18. Nd2 Nce7 19. Ndc4 Qc7 20. a4 Kg7 21. Rfe1 Rfe8 22. Rad1 Bf7 23. h4 Nxe3 24. Nxe3 Qd7 25. Kh2 Be6 26. b4 cxb4 27. cxb4 Rc8 28. Qb2 Red8 29. b5 Nf5 30. Nxf5+ Bxf5 31. Be4 Bxe4 32. Rxe4 Qd5 33. f4 Qxe4 34. dxe4 Rxd1 35. fxe5 fxe5 36. Qxe5+ Kf7 37. Qf4+ Kg8 38. Qf6 Re8 39. h5 Rxe4 40. hxg6 Rd7 41. Kg2 Re2+ 42. Kf3 Ree7 43. gxh7+ Rxh7 44. Qg5+ 1/2-1/2

[Event "OLNW 2223 HSK Lister Turm II - SK Union"]
[Site "?"]
[Date "2022.11.27"]
[Round "2.8"]
[White "Gentemann, Moritz"]
[Black "Peters, Tom"]
[Result "1/2-1/2"]
[WhiteElo "2175"]
[BlackElo "2063"]
[PlyCount "92"]
[EventDate "2022.??.??"]

1. d4 Nf6 2. c4 e6 3. Nf3 d5 4. Nc3 Bb4 5. Bg5 dxc4 6. Qa4+ Nc6 7. e3 h6 8. Bxf6 Qxf6 9. Bxc4 O-O 10. O-O g5 11. Bb5 Bxc3 12. bxc3 Bd7 13. Qc2 Rfd8 14. Rab1 a6 15. Bxc6 Bxc6 16. Ne5 Bb5 17. c4 Be8 18. Rxb7 c5 19. Qe4 cxd4 20. exd4 Qf5 21. Qxf5 exf5 22. d5 Rac8 23. Rb6 Kg7 24. Rxa6 f6 25. Nc6 Bxc6 26. Rxc6 Rxc6 27. dxc6 Rc8 28. Rc1 Kf7 29. Kf1 Ke6 30. Ke2 Ra8 31. Rc2 Kd6 32. Kd3 Kxc6 33. Kd4 Rd8+ 34. Kc3 Ra8 35. Kd4 Rd8+ 36. Ke3 Kc5 37. Rd2 f4+ 38. Ke2 Ra8 39. Rc2 Ra3 40. Kd2 h5 41. Kc1 h4 42. Kb2 Rd3 43. Rc3 Rd2+ 44. Rc2 Rd3 45. Rc3 Rd2+ 46. Rc2 Rd3 1/2-1/2

[Event "OLNW 2223 SV Werder Bremen III - SV Hel"]
[Site "?"]
[Date "2022.11.27"]
[Round "2.1"]
[White "Hoffmann, Alexander"]
[Black "Lichmann, Peter"]
[Result "0-1"]
[WhiteElo "2403"]
[BlackElo "2325"]
[PlyCount "102"]
[EventDate "2022.??.??"]

1. d4 Nf6 2. Nf3 g6 3. Bg5 Bg7 4. Nbd2 d6 5. c3 h6 6. Bh4 g5 7. Bg3 Bf5 8. e3 Nbd7 9. Bc4 Nb6 10. Be2 Qd7 11. Qb3 Qe6 12. c4 Ne4 13. Nxe4 Bxe4 14. O-O O-O 15. Nd2 Bg6 16. Bf3 c6 17. a4 h5 18. h4 g4 19. Bd1 d5 20. c5 Nd7 21. a5 Qf5 22. f3 Qd3 23. Qc3 e5 24. Ra3 Qxc3 25. bxc3 Bd3 26. Re1 f5 27. f4 e4 28. Be2 Bxe2 29. Rxe2 b6 30. cxb6 axb6 31. Nb3 Ra6 32. Rc2 Rfa8 33. c4 Bf8 34. Ra4 dxc4 35. Raxc4 bxa5 36. Rxc6 Rxc6 37. Rxc6 a4 38. Nc1 a3 39. Rc2 Rb8 40. Na2 Rb2 41. Rc7 Rxa2 42. Rxd7 Rc2 43. Ra7 a2 44. Be1 Rc1 45. Rxa2 Rxe1+ 46. Kf2 Rb1 47. Ra5 Be7 48. Rxf5 Bxh4+ 49. Ke2 Rb2+ 50. Kf1 Rf2+ 51. Kg1 Bg3 0-1

[Event "OLNW 2223 SV Werder Bremen III - SV Hel"]
[Site "?"]
[Date "2022.11.27"]
[Round "2.2"]
[White "Kardoeus, David"]
[Black "Gronde, Ingo"]
[Result "0-1"]
[WhiteElo "2167"]
[BlackElo "2284"]
[PlyCount "124"]
[EventDate "2022.??.??"]

1. e4 e5 2. Nf3 Nc6 3. Bb5 a6 4. Ba4 Nf6 5. O-O Be7 6. Re1 b5 7. Bb3 d6 8. a4 Bd7 9. c3 O-O 10. d4 h6 11. Bd5 exd4 12. Nxd4 Nxd5 13. Nxc6 Bxc6 14. exd5 Bd7 15. axb5 Bxb5 16. Na3 Bf6 17. Be3 Re8 18. Qg4 Qd7 19. Qf3 Kh7 20. Nc2 Bd3 21. Nb4 Be4 22. Qd1 a5 23. f3 axb4 24. Rxa8 Rxa8 25. fxe4 bxc3 26. bxc3 Bxc3 27. Rf1 Ra1 28. Qf3 Rxf1+ 29. Kxf1 Qb5+ 30. Kf2 Qb2+ 31. Kg3 Be5+ 32. Kh3 Bf6 33. g3 g6 34. Qf1 Qe5 35. Qf3 Kg7 36. Bf4 Qb2 37. Qd3 h5 38. g4 hxg4+ 39. Kxg4 Qg2+ 40. Bg3 Be5 41. Qc4 Kf6 42. Qd3 g5 43. Qe3 Bf4 44. Qc3+ Kg6 45. Qd3 Be5 46. Qe3 f6 47. Qd3 Bxg3 48. hxg3 Qf2 49. Qb1 Qe2+ 50. Kh3 Kh5 51. g4+ Qxg4+ 52. Kh2 Qe2+ 53. Kg3 Qe3+ 54. Kg2 g4 55. e5 Qxe5 56. Qh7+ Kg5 57. Qxc7 Qxd5+ 58. Kf1 Kf4 59. Qc1+ Kg3 60. Qe1+ Kh3 61. Qe7 Qd1+ 62. Kf2 g3+ 0-1

[Event "OLNW 2223 SV Werder Bremen III - SV Hel"]
[Site "?"]
[Date "2022.11.27"]
[Round "2.3"]
[White "Boettcher, Christian"]
[Black "Efimenko, Maria"]
[Result "1-0"]
[WhiteElo "2206"]
[BlackElo "2245"]
[PlyCount "109"]
[EventDate "2022.??.??"]

1. e4 g6 2. Nf3 d6 3. g3 Bg7 4. Bg2 e5 5. c3 Ne7 6. d4 Nd7 7. O-O O-O 8. dxe5 dxe5 9. Be3 c6 10. Nbd2 Qc7 11. Qe2 a5 12. h4 b6 13. Rfd1 Ba6 14. Qe1 a4 15. a3 Nc8 16. Nf1 Nf6 17. N3h2 Re8 18. f3 Nd6 19. Nd2 Bf8 20. Qf2 Rab8 21. Bf1 b5 22. Kh1 Nd7 23. h5 Nf6 24. g4 Bc8 25. Be2 Be6 26. Rg1 Be7 27. Rae1 Red8 28. Nhf1 c5 29. Ng3 Rbc8 30. Nf5 gxf5 31. gxf5+ Kh8 32. fxe6 fxe6 33. Qg3 Rg8 34. Qxe5 Qd7 35. Qh2 Nf7 36. Rxg8+ Rxg8 37. Rg1 Rxg1+ 38. Kxg1 Bd6 39. Qh4 Be7 40. Qh2 Bd6 41. f4 Bf8 42. Qh4 Be7 43. Qg3 b4 44. Qg2 Qc7 45. Kf2 bxa3 46. bxa3 Qa5 47. Bc4 Qxc3 48. Bxe6 Nd8 49. Bc4 Nc6 50. e5 Nxe5 51. fxe5 Qxe5 52. Qa8+ Kg7 53. h6+ Kg6 54. Qg2+ Kf5 55. Qg5# 1-0

[Event "OLNW 2223 SV Werder Bremen III - SV Hel"]
[Site "?"]
[Date "2022.11.27"]
[Round "2.4"]
[White "Bach, Matthias"]
[Black "Stock, Joerg"]
[Result "1-0"]
[WhiteElo "2198"]
[BlackElo "2182"]
[PlyCount "81"]
[EventDate "2022.??.??"]

1. d4 Nf6 2. c4 e6 3. g3 d5 4. Nf3 Be7 5. Bg2 O-O 6. O-O dxc4 7. Qc2 a6 8. a4 Bd7 9. Rd1 Bc6 10. Bg5 b5 11. Nc3 Nbd7 12. Bxf6 Nxf6 13. e4 b4 14. d5 bxc3 15. dxc6 cxb2 16. Qxb2 Qb8 17. Qe2 c3 18. Rab1 Qe8 19. Qc4 Rb8 20. Rb7 a5 21. Qxc3 Nxe4 22. Qxa5 Bd6 23. Nd4 Ra8 24. Qe1 Nc5 25. a5 Qe7 26. Nb5 Rfd8 27. h3 h6 28. Kh2 h5 29. Nxd6 Rxd6 30. Rxd6 Qxd6 31. Qb4 Rd8 32. Rb5 Na6 33. Qxd6 cxd6 34. Rb6 Nc7 35. a6 Ra8 36. Bf1 Kh7 37. a7 Rxa7 38. Rb7 Ra1 39. Bd3+ f5 40. Rxc7 Rd1 41. Bb5 1-0

[Event "OLNW 2223 SV Werder Bremen III - SV Hel"]
[Site "?"]
[Date "2022.11.27"]
[Round "2.5"]
[White "Lehmann, Holger"]
[Black "Steffens, Olaf"]
[Result "1/2-1/2"]
[WhiteElo "2125"]
[BlackElo "2052"]
[PlyCount "67"]
[EventDate "2022.??.??"]

1. c4 Na6 2. Nc3 Nh6 3. d4 g6 4. e4 d6 5. h3 f5 6. Bd3 c5 7. Bxh6 Bxh6 8. exf5 cxd4 9. Nb5 Qa5+ 10. Kf1 O-O 11. fxg6 Nc5 12. gxh7+ Kh8 13. Nf3 Rf4 14. Nbxd4 Nxd3 15. Qxd3 Bd7 16. Re1 e5 17. Qg6 Bg7 18. Qxd6 Raf8 19. Qxd7 exd4 20. Re7 Qxa2 21. Kg1 Qb1+ 22. Kh2 Qg6 23. Rhe1 d3 24. Rxg7 Qxg7 25. Qxd3 Qxb2 26. Re2 Qg7 27. Qd5 Qxh7 28. Re5 R4f5 29. Rxf5 Qxf5 30. Qd4+ Kg8 31. Qxa7 Qf4+ 32. Kg1 Qc1+ 33. Kh2 Qf4+ 34. Kh1 1/2-1/2

[Event "OLNW 2223 SV Werder Bremen III - SV Hel"]
[Site "?"]
[Date "2022.11.27"]
[Round "2.6"]
[White "Heldt, Nils-Lennart"]
[Black "Lewin, Tammo"]
[Result "1/2-1/2"]
[WhiteElo "2070"]
[BlackElo "2063"]
[PlyCount "38"]
[EventDate "2022.??.??"]

1. e4 Nc6 2. Nf3 Nf6 3. e5 Nd5 4. c4 Nb6 5. d4 d6 6. exd6 exd6 7. Be2 Be7 8. O-O O-O 9. Nc3 Bg4 10. d5 Bxf3 11. Bxf3 Ne5 12. b3 Nxf3+ 13. Qxf3 Bf6 14. Rb1 Nd7 15. Ne4 Re8 16. Nxf6+ Qxf6 17. Qxf6 Nxf6 18. h3 Re2 19. a3 Rae8 1/2-1/2